书目信息 |
| 题名: |
语言学中的数学方法
|
|
| 作者: | 帕蒂 , 默伦 , 华尔 著 ;冯志伟 导读 | |
| 分册: | ||
| 出版信息: | 北京 世界图书出版公司 2009 |
|
| 页数: | 70,664页 | |
| 开本: | 23cm | |
| 丛书名: | 语料库与计算语言学研究丛书 | |
| 单 册: | ||
| 中图分类: | H0 | |
| 科图分类: | ||
| 主题词: | 数学方法--应用--语言学--英文 , 数学方法 , 应用 | |
| 电子资源: | ||
| ISBN: | 978-7-5062-9287-0 | |
| 000 | 01406oam2 2200325 45 | |
| 005 | 20100303152818.17 | |
| 010 | @a978-7-5062-9287-0@dCNY69.00 | |
| 100 | @a20100121d2009 ekmy0chiy0120 ea | |
| 101 | 1 | @achi@ceng@aeng |
| 102 | @aCN@b110000 | |
| 105 | @ay z 000yy | |
| 106 | @ar | |
| 200 | 1 | @a语言学中的数学方法@AYu Yan Xue Zhong De Shu Xue Fang Fa@dMathematical methods in linguistics@f(美)帕蒂(Partee,B.H.),(美)默伦(Meulen,A.),(美)华尔(Wall,R.E.)著@F( Mei ) Pa Di (Partee,B.H.),( Mei ) Mo Lun (Meulen,A.),( Mei ) Hua Er (Wall,R.E.) Zhu@g冯志伟导读@zeng |
| 210 | @a北京@c世界图书出版公司@d2009 | |
| 215 | @a70,664页@d23cm | |
| 225 | 2 | @a语料库与计算语言学研究丛书@v03 |
| 305 | @aSpringer-Verlag公司授权出版 | |
| 330 | @a本书包括A、B、C、D、E五篇:A篇讲述集合论,B篇讲述逻辑和形式系统,C篇讲述抽象代数,D篇讲述作为形式语言的英语,E篇讲述形式语言、形式语法和自动机,读者可以从中了解并掌握语言学研究中使用的主要的数学方法。 | |
| 461 | 0 | @12001 @a语料库与计算语言学研究丛书@v3 |
| 510 | 1 | @aMathematical methods in linguistics@zeng |
| 606 | 0 | @a数学方法@x应用@x语言学@x英文 |
| 606 | 0 | @a数学方法 |
| 606 | 0 | @a应用 |
| 690 | @aH0@v4 | |
| 701 | 1 | @a帕蒂@APa Di@g(Partee,B.H.)@4著 |
| 701 | 1 | @a默伦@AMo Lun@g(Meulen,A.)@4著 |
| 701 | 1 | @a华尔@AHua Er@g(Wall,R.E.)@4著 |
| 702 | 0 | @a冯志伟@AFeng Zhi Wei@4导读 |
| 801 | 0 | @aCN@bTANGWEI@c20100303 |
| 905 | @b0585663-65@dH0@e195@f3 | |
| 语言学中的数学方法=Mathematical methods in linguistics/(美)帕蒂(Partee,B.H.),(美)默伦(Meulen,A.),(美)华尔(Wall,R.E.)著/冯志伟导读.-北京:世界图书出版公司,2009 |
| 70,664页;23cm.-(语料库与计算语言学研究丛书;03) |
| ISBN 978-7-5062-9287-0:CNY69.00 |
| 本书包括A、B、C、D、E五篇:A篇讲述集合论,B篇讲述逻辑和形式系统,C篇讲述抽象代数,D篇讲述作为形式语言的英语,E篇讲述形式语言、形式语法和自动机,读者可以从中了解并掌握语言学研究中使用的主要的数学方法。 |
| ● |
| 相关链接 |
|
|
|
|
正题名:语言学中的数学方法
索取号:H0/195
 
预约/预借
| 序号 | 登录号 | 条形码 | 馆藏地/架位号 | 状态 | 备注 |
| 1 | 0585663 | 205856634 | 第二样本阅览室/ [索取号:H0/195] | 在馆 | |
| 2 | 0585664 | 205856643 | 第四借阅区/ [索取号:H0/195] | 在馆 | |
| 3 | 0585665 | 205856652 | 第四借阅区/ [索取号:H0/195] | 在馆 |